| 000 | 01806nam a2200217 a 4500 | ||
|---|---|---|---|
| 090 |
_aIAVH _b00680 |
||
| 041 | _aspa | ||
| 110 |
_bCorporación Autónoma Regional de Chivor, CORPOCHIVOR _929133 |
||
| 245 |
_aEvaluación de la fragmentación, caracterización del estado de la biodiversidad y propuesta de investigación en biodiversidad y valoración e instrumentos de política para la conservación y uso sostenible de la biodiversidad en los páramos de Mamapacha y Bijagual, Boyacá - Colombia _binforme final |
||
| 260 |
_aBogotá _bCORPOCHIVOR _bInstituto Alexander von Humboldt _c2002 |
||
| 300 | _a107 p. | ||
| 520 | _aEn el primer capítulo se establece el marco teórico en el que se basan los diferentes objetivos y actividades que se llevaron a cabo. En el segundo, se hace el análisis sobre el estado del conocimiento de la biodiversidad y se recoge la información secundaria existente sobre la biodiversidad para la región. El capítulo 3 contiene la información relacionada con la caracterización de la biodiversidad a nivel ecositémico en Mamapacha y Bijagual, y en el cuarto, con base en la información secundaria se hace la caracterización socioeconómica y se desarrolla el tema de valoración de la biodiversidad. Por último, en el capítulo 5 se desarrolla el Programa de Investigación en Valoración y Conservación de la Biodiversidad en Mamapacha y Bijagual, meta del convenio. | ||
| 650 |
_aConservación _992401 |
||
| 650 |
_aBiodiversidad _992204 |
||
| 650 |
_aCaracterización de la biodiversidad _95189 |
||
| 650 |
_aCaracterización socioeconómica _91318 |
||
| 650 |
_aValoración de la biodiversidad _992603 |
||
| 650 |
_aProgramas de Investigación _992604 |
||
| 662 |
_aColombia _cPáramo de Mamapacha _bBoyacá |
||
| 662 |
_aColombia _cPáramo de Bijagual _bBoyacá |
||
| 999 |
_c6180 _d6180 |
||